[Event "Mario Covas 11th"]
[Site "Santos"]
[Date "2012.12.14"]
[Round "7"]
[White "Cubas, Jose Fernando"]
[Black "Barreto Filho, Carlos Alberto"]
[Result "1/2-1/2"]
[WhiteElo "2528"]
[BlackElo "2258"]
[PlyCount "120"]
[EventDate "2012.12.10"]
[EventType "tourn"]
[EventRounds "9"]
[EventCountry "BRA"]
[EventCategory "7"]
[SourceTitle "CBM 152 Extra"]
[Source "ChessBase"]
[SourceDate "2013.02.25"]
[SourceVersion "1"]
[SourceVersionDate "2013.02.25"]
[SourceQuality "1"]

1. e4 c5 2. Nf3 d6 3. d4 cxd4 4. Nxd4 Nf6 5. Nc3 Nc6 6. f3 e5 7. Nb3 Be7 8. Be3 0-0 9. Qd2 a5 10. Bb5 Na7 11. Be2 Be6 12. Rd1 Nc8 13. Qc1 Qc7 14. Nb5 Qc6 15. c4 a4 16. Na1 Nd7 17. Nc2 Bxc4 18. Ncd4 exd4 19. Nxd4 Qa6 20. Bxc4 Qa5+ 21. Qd2 Qh5 22. 0-0 Ncb6 23. Be2 Bf6 24. Nb5 d5 25. f4 Qh4 26. exd5 g6 27. Rf3 Bg7 28. Bd4 Bxd4+ 29. Qxd4 Rae8 30. Bf1 Qe7 31. d6 Qf6 32. Nc7 Qxd4+ 33. Rxd4 Re1 34. Kf2 Rc1 35. Rc3 Rxc3 36. bxc3 Nc5 37. Rb4 Nc8 38. d7 Nxd7 39. Rxb7 Nd6 40. Rb4 Rc8 41. Nd5 Rc5 42. c4 Ra5 43. Nc3 Nc5 44. Rb8+ Kg7 45. Nb5 Nde4+ 46. Ke3 a3 47. Kd4 f5 48. Rc8 Nb3+ 49. Ke3 Nc1 50. Rc7+ Kf8 51. Ra7 Rxa7 52. Nxa7 Nxa2 53. Nb5 Nb4 54. Nxa3 Ke7 55. Kd4 Nc6+ 56. Ke3 Kd6 57. Bd3 Nf6 58. Nb5+ Ke7 59. h3 Na5 60. Na3 Kd6 1/2-1/2

[Event "Mario Covas 11th"]
[Site "Santos"]
[Date "2012.12.13"]
[Round "5"]
[White "Barbosa, Evandro Amorim"]
[Black "Barreto Filho, Carlos Alberto"]
[Result "1-0"]
[WhiteElo "2413"]
[BlackElo "2258"]
[PlyCount "81"]
[EventDate "2012.12.10"]
[EventType "tourn"]
[EventRounds "9"]
[EventCountry "BRA"]
[EventCategory "7"]
[SourceTitle "CBM 152 Extra"]
[Source "ChessBase"]
[SourceDate "2013.02.25"]
[SourceVersion "1"]
[SourceVersionDate "2013.02.25"]
[SourceQuality "1"]

1. e4 c5 2. Nf3 d6 3. Bb5+ Bd7 4. Bxd7+ Qxd7 5. c4 Nf6 6. Nc3 g6 7. d4 cxd4 8. Nxd4 Bg7 9. f3 0-0 10. Be3 Rc8 11. b3 Nc6 12. Nde2 Qd8 13. 0-0 a6 14. a4 Nd7 15. Rb1 Nb4 16. Qd2 a5 17. Rfd1 Nc5 18. Nd4 Qf8 19. Kh1 h5 20. Ndb5 Kh7 21. Qe2 Bh6 22. Bf2 Qh8 23. Bh4 g5 24. Bf2 Bg7 25. Nd5 Nxd5 26. exd5 Be5 27. g3 Bf6 28. f4 g4 29. Kg2 Kg7 30. Rh1 Qh7 31. Bxc5 Rxc5 32. h3 gxh3+ 33. Kxh3 Rac8 34. Rbd1 Qf5+ 35. Kg2 h4 36. Kf3 hxg3 37. Rdg1 Kf8 38. Rxg3 Rxd5 39. cxd5 Rc2 40. Qd1 Bc3 41. Rg2 1-0

[Event "Mario Covas 11th"]
[Site "Santos"]
[Date "2012.12.12"]
[Round "4"]
[White "Barreto Filho, Carlos Alberto"]
[Black "Della Morte, German"]
[Result "1/2-1/2"]
[WhiteElo "2258"]
[BlackElo "2325"]
[PlyCount "138"]
[EventDate "2012.12.10"]
[EventType "tourn"]
[EventRounds "9"]
[EventCountry "BRA"]
[EventCategory "7"]
[SourceTitle "CBM 152 Extra"]
[Source "ChessBase"]
[SourceDate "2013.02.25"]
[SourceVersion "1"]
[SourceVersionDate "2013.02.25"]
[SourceQuality "1"]

1. d4 Nf6 2. c4 g6 3. Nc3 Bg7 4. Nf3 d6 5. Bf4 0-0 6. e3 Nfd7 7. h3 e5 8. Bh2 Nc6 9. Be2 f5 10. dxe5 dxe5 11. Nd5 Ncb8 12. Qc2 c6 13. Nc3 e4 14. Nd4 Qe7 15. Rd1 Ne5 16. a3 a5 17. Na4 Nbd7 18. c5 f4 19. Bxf4 Rxf4 20. exf4 Nd3+ 21. Kf1 N3xc5 22. Nxc5 Nxc5 23. g3 a4 24. Kg2 Bd7 25. Rhe1 b5 26. Bg4 Be8 27. b4 axb3 28. Nxb3 Nxb3 29. Qxb3+ Bf7 30. Qb4 Qxb4 31. axb4 Bd5 32. Rxd5 cxd5 33. Be6+ Kf8 34. Bxd5 Rd8 35. Bc6 Rd6 36. Bxb5 Rd4 37. Rb1 Rd2 38. Kf1 Bd4 39. Be2 Ke7 40. Rd1 Rxd1+ 41. Bxd1 Kd6 42. Ke2 Bc3 43. b5 Kc5 44. Bc2 Kxb5 45. Bxe4 Kc5 46. h4 Kd6 47. h5 gxh5 48. Bxh7 Ke6 49. Bg6 h4 50. g4 Bd4 51. Be4 Bb6 52. Bg2 Kf6 53. Kf3 Kg6 54. Bf1 Kh6 55. Bh3 Bc5 56. Bf1 Bb6 57. Bb5 h3 58. Kg3 h2 59. Bc6 Bc5 60. g5+ Kg6 61. Kxh2 Bxf2 62. Kg2 Bh4 63. Be4+ Kh5 64. g6 Bf6 65. Kf3 Kh6 66. Kg4 Kg7 67. Kf5 Bc3 68. Ke6 Bb2 69. Bc2 Bc3 1/2-1/2

[Event "Mario Covas 11th"]
[Site "Santos"]
[Date "2012.12.10"]
[Round "1"]
[White "Terao, Rodrigo Akira"]
[Black "Barreto Filho, Carlos Alberto"]
[Result "1-0"]
[WhiteElo "2403"]
[BlackElo "2258"]
[PlyCount "103"]
[EventDate "2012.12.10"]
[EventType "tourn"]
[EventRounds "9"]
[EventCountry "BRA"]
[EventCategory "7"]
[SourceTitle "CBM 152 Extra"]
[Source "ChessBase"]
[SourceDate "2013.02.25"]
[SourceVersion "1"]
[SourceVersionDate "2013.02.25"]
[SourceQuality "1"]

1. e4 c5 2. Nf3 d6 3. d4 cxd4 4. Nxd4 Nf6 5. Nc3 Nc6 6. g3 e6 7. Bg2 Bd7 8. 0-0 Be7 9. Nb3 a6 10. a4 0-0 11. f4 Qc7 12. Kh1 Nb4 13. g4 d5 14. e5 Ne4 15. Nxe4 dxe4 16. c3 Nd3 17. Bxe4 Nxc1 18. Nxc1 Bc6 19. Qf3 Bxe4 20. Qxe4 Rfd8 21. Nd3 Qd7 22. Rf3 Qd5 23. Re1 Rac8 24. Qxd5 Rxd5 25. Re4 Rcd8 26. Nf2 Bc5 27. Re2 b5 28. axb5 axb5 29. Kg2 h6 30. Ne4 Be7 31. b4 g5 32. fxg5 hxg5 33. Ng3 Rd2 34. Rfe3 Rxe2+ 35. Nxe2 Rd5 36. Ng1 Bd8 37. Nf3 Kg7 38. Re4 Bc7 39. Rd4 Rxe5 40. Nxe5 Bxe5 41. Rd3 Kf6 42. h3 Ke7 43. Kf3 f5 44. gxf5 exf5 45. Rd5 Ke6 46. Rc5 Bg7 47. Ke3 Bf6 48. Kd3 g4 49. hxg4 fxg4 50. Rxb5 g3 51. Rb6+ Kf5 52. Rxf6+ 1-0

[Event "Itapetininga IM 4th"]
[Site "Itapetininga"]
[Date "2012.11.09"]
[Round "10"]
[White "Suardi, Roberto Jr"]
[Black "Barreto Filho, Carlos Alberto"]
[Result "1/2-1/2"]
[WhiteElo "2251"]
[BlackElo "2258"]
[PlyCount "22"]
[EventDate "2012.11.04"]
[EventType "tourn"]
[EventRounds "10"]
[EventCountry "BRA"]
[EventCategory "3"]
[SourceTitle "EXT 2014"]
[Source "ChessBase"]
[SourceDate "2013.11.20"]
[SourceVersion "1"]
[SourceVersionDate "2013.11.20"]
[SourceQuality "1"]

1. Nf3 g6 2. b3 Bg7 3. d4 c5 4. Bb2 Nc6 5. e3 cxd4 6. Nxd4 Nxd4 7. Bxd4 Nf6 8. Be2 d6 9. 0-0 0-0 10. Nd2 Bf5 11. c4 Re8 1/2-1/2

[Event "Itapetininga IM 4th"]
[Site "Itapetininga"]
[Date "2012.11.08"]
[Round "8"]
[White "Crosa Coll, Martin"]
[Black "Barreto Filho, Carlos Alberto"]
[Result "1/2-1/2"]
[WhiteElo "2352"]
[BlackElo "2258"]
[PlyCount "53"]
[EventDate "2012.11.04"]
[EventType "tourn"]
[EventRounds "10"]
[EventCountry "BRA"]
[EventCategory "3"]
[SourceTitle "EXT 2014"]
[Source "ChessBase"]
[SourceDate "2013.11.20"]
[SourceVersion "1"]
[SourceVersionDate "2013.11.20"]
[SourceQuality "1"]

1. e4 c5 2. Nc3 a6 3. g3 b5 4. Bg2 Bb7 5. d3 e6 6. f4 d6 7. Nf3 Nf6 8. e5 dxe5 9. fxe5 Nd5 10. Ne4 Be7 11. Bg5 0-0 12. 0-0 Nd7 13. Qe2 Rb8 14. c4 Nc3 15. bxc3 Bxe4 16. Bxe7 Bxf3 17. Qxf3 Qxe7 18. cxb5 axb5 19. Qe3 Nb6 20. Be4 Nd5 21. Bxd5 exd5 22. d4 cxd4 23. cxd4 Rfc8 24. Rac1 Qd7 25. Rxc8+ Rxc8 26. Rc1 Rxc1+ 27. Qxc1 1/2-1/2

[Event "Paulista-ch Interior"]
[Site "Itapetininga"]
[Date "2012.11.04"]
[Round "6"]
[White "Herbst Neto, Eugenio"]
[Black "Barreto Filho, Carlos Alberto"]
[Result "0-1"]
[WhiteElo "1882"]
[BlackElo "2258"]
[PlyCount "90"]
[EventDate "2012.11.02"]
[EventType "swiss"]
[EventRounds "6"]
[EventCountry "BRA"]
[SourceTitle "CBM 151 Extra"]
[Source "ChessBase"]
[SourceDate "2012.12.18"]
[SourceVersion "1"]
[SourceVersionDate "2012.12.18"]
[SourceQuality "1"]

1. d4 Nf6 2. Nf3 g6 3. e3 Bg7 4. Bd3 0-0 5. c4 d6 6. 0-0 Nbd7 7. Qc2 e5 8. Nc3 c6 9. Rd1 Re8 10. dxe5 dxe5 11. e4 Qc7 12. h3 Nc5 13. Be3 Nxd3 14. Qxd3 Bf8 15. Rac1 Nd7 16. Na4 Be7 17. c5 Nf8 18. Qc3 f6 19. b3 Be6 20. Nb2 Red8 21. Nc4 g5 22. Qc2 Ng6 23. Rd2 Rxd2 24. Nfxd2 Nf4 25. Bxf4 gxf4 26. b4 Kh8 27. Kh2 Rg8 28. Rg1 Bf8 29. Qd3 b5 30. cxb6 axb6 31. a3 Be7 32. Rc1 Rd8 33. Qc3 c5 34. b5 Rd4 35. f3 Bd8 36. Rc2 Qg7 37. Kh1 Bxc4 38. Qxc4 Rxc4 39. Nxc4 Qf7 40. Kg1 Bc7 41. Kf1 f5 42. Nd2 fxe4 43. Nxe4 Qb3 44. Rd2 Qxb5+ 45. Kg1 Qc6 0-1

[Event "Maringa op 2nd"]
[Site "Maringa"]
[Date "2012.08.12"]
[Round "9"]
[White "Barreto Filho, Carlos Alberto"]
[Black "De Andrade, Osvaldo Cezar G"]
[Result "1-0"]
[WhiteElo "2279"]
[BlackElo "2110"]
[PlyCount "105"]
[EventDate "2012.08.08"]
[EventType "swiss"]
[EventRounds "9"]
[EventCountry "BRA"]
[SourceTitle "CBM 149 Extra"]
[Source "ChessBase"]
[SourceDate "2012.08.24"]
[SourceVersion "1"]
[SourceVersionDate "2012.08.24"]
[SourceQuality "1"]

1. d4 Nf6 2. c4 g6 3. Nc3 Bg7 4. e4 d6 5. Nf3 0-0 6. Be2 e5 7. 0-0 Nc6 8. d5 Ne7 9. Ne1 Ne8 10. Nd3 f5 11. Bd2 Nf6 12. f3 f4 13. c5 g5 14. Rc1 Ng6 15. Nb5 Rf7 16. Ba5 b6 17. cxd6 cxd6 18. Be1 Bf8 19. Nb4 a6 20. Nc6 Qd7 21. Nc3 b5 22. a4 b4 23. Nxb4 Rb8 24. Nd3 h5 25. b4 Rg7 26. Kh1 g4 27. b5 Nh7 28. bxa6 Bxa6 29. fxg4 Bxd3 30. Bxd3 hxg4 31. Bb5 Qe7 32. Qxg4 Kh8 33. Qh3 Qg5 34. Bf2 Be7 35. a5 f3 36. g3 Rf7 37. a6 Kg7 38. a7 Rh8 39. Rfe1 Nf6 40. Qxh8+ Nxh8 41. a8Q Ng4 42. Qa2 Qh5 43. Bg1 Bg5 44. Be8 Bxc1 45. Bxf7 Nxf7 46. Rxc1 f2 47. Qe2 Ng5 48. h4 Nh3 49. Bh2 Nf4 50. Qf3 Ng6 51. Nb5 Kg8 52. Nxd6 Nf8 53. Rc8 1-0

[Event "Maringa op 2nd"]
[Site "Maringa"]
[Date "2012.08.10"]
[Round "5"]
[White "Barreto Filho, Carlos Alberto"]
[Black "Name, Gabriel Ricardo"]
[Result "1/2-1/2"]
[WhiteElo "2279"]
[BlackElo "2160"]
[PlyCount "59"]
[EventDate "2012.08.08"]
[EventType "swiss"]
[EventRounds "9"]
[EventCountry "BRA"]
[SourceTitle "CBM 149 Extra"]
[Source "ChessBase"]
[SourceDate "2012.08.24"]
[SourceVersion "1"]
[SourceVersionDate "2012.08.24"]
[SourceQuality "1"]

1. Nf3 d5 2. c4 c6 3. e3 Nf6 4. Nc3 a6 5. d4 Bg4 6. h3 Bxf3 7. Qxf3 b5 8. cxd5 cxd5 9. Bd3 b4 10. Na4 Nbd7 11. 0-0 e6 12. Bd2 Be7 13. Qe2 a5 14. Rfc1 0-0 15. f3 Re8 16. Be1 Qb8 17. Bb5 Bd6 18. g4 Rd8 19. g5 Ne8 20. f4 g6 21. b3 Rc8 22. Rc2 Rc7 23. Rac1 Rxc2 24. Rxc2 Ng7 25. a3 Nf5 26. axb4 axb4 27. Bd3 Ra7 28. Nc5 Nxc5 29. dxc5 Bc7 30. Qf2 1/2-1/2

[Event "Sao Bernardo do Campo 1st"]
[Site "Sao Bernardo do Campo"]
[Date "2012.07.05"]
[Round "6"]
[White "Barreto Filho, Carlos Alberto"]
[Black "Abdalla, Luiz Guilherme"]
[Result "1/2-1/2"]
[WhiteElo "2325"]
[BlackElo "2333"]
[PlyCount "29"]
[EventDate "2012.07.03"]
[EventType "tourn"]
[EventRounds "9"]
[EventCountry "BRA"]
[EventCategory "2"]
[SourceTitle "CBM 149 Extra"]
[Source "ChessBase"]
[SourceDate "2012.08.24"]
[SourceVersion "1"]
[SourceVersionDate "2012.08.24"]
[SourceQuality "1"]

1. d4 Nf6 2. c4 g6 3. Nc3 d5 4. cxd5 Nxd5 5. e4 Nxc3 6. bxc3 Bg7 7. Be3 c5 8. Qd2 Qa5 9. Rc1 cxd4 10. cxd4 Qxd2+ 11. Bxd2 0-0 12. Nf3 Bg4 13. Rc7 Bxf3 14. gxf3 Bxd4 15. Rxb7 1/2-1/2

[Event "Sao Jose do Rio Preto IRT op"]
[Site "Sao Jose do Rio Preto"]
[Date "2012.06.08"]
[Round "4"]
[White "Ramos, Alexandre Espreafic"]
[Black "Barreto Filho, Carlos Alberto"]
[Result "0-1"]
[WhiteElo "1277"]
[BlackElo "2346"]
[PlyCount "64"]
[EventDate "2012.06.07"]
[EventType "swiss"]
[EventRounds "6"]
[EventCountry "BRA"]
[SourceTitle "EXT 2014"]
[Source "ChessBase"]
[SourceDate "2013.11.20"]
[SourceVersion "1"]
[SourceVersionDate "2013.11.20"]
[SourceQuality "1"]

1. e4 c5 2. Nf3 d6 3. d4 cxd4 4. Nxd4 Nf6 5. Nc3 Nc6 6. Nxc6 bxc6 7. Bg5 Qb6 8. Bxf6 gxf6 9. b3 Rg8 10. g3 Bg4 11. Be2 Bxe2 12. Qxe2 Qd4 13. Qd3 Qxd3 14. cxd3 e6 15. 0-0 h5 16. f4 h4 17. Kf2 Bh6 18. f5 Ke7 19. Kf3 hxg3 20. hxg3 Rg7 21. Ne2 Bg5 22. Nf4 Bxf4 23. Kxf4 Rag8 24. Rg1 Rh7 25. Rh1 Rgh8 26. Rxh7 Rxh7 27. Rc1 Kd7 28. Rc2 Rh1 29. Rb2 d5 30. b4 e5+ 31. Ke3 d4+ 32. Ke2 Rh2+ 0-1

[Event "Sao Jose do Rio Preto 10th"]
[Site "Sao Jose do Rio Preto"]
[Date "2012.06.02"]
[Round "5"]
[White "Gattass, Allan Arriada"]
[Black "Barreto Filho, Carlos Alberto"]
[Result "1-0"]
[WhiteElo "2256"]
[BlackElo "2346"]
[PlyCount "95"]
[EventDate "2012.05.30"]
[EventType "tourn"]
[EventRounds "9"]
[EventCountry "BRA"]
[EventCategory "2"]
[SourceTitle "CBM 148 Extra"]
[Source "ChessBase"]
[SourceDate "2012.06.22"]
[SourceVersion "1"]
[SourceVersionDate "2012.06.22"]
[SourceQuality "1"]

1. e4 c5 2. Nf3 d6 3. d4 cxd4 4. Nxd4 Nf6 5. Nc3 Nc6 6. Bg5 e6 7. Qd2 a6 8. f3 Be7 9. 0-0-0 Nxd4 10. Qxd4 b5 11. h4 Bb7 12. Kb1 Rc8 13. Be3 0-0 14. h5 h6 15. g4 Ne8 16. Qd2 d5 17. exd5 b4 18. Na4 Bxd5 19. Rh3 Rc6 20. Bd3 e5 21. Rg3 Bh4 22. Rh3 Be7 23. Rg1 Bg5 24. Bxg5 Qxg5 25. Qxb4 Nf6 26. Re1 e4 27. fxe4 Qxg4 28. Rhh1 Be6 29. Qd2 Kh8 30. Reg1 Qf3 31. Rf1 Qg3 32. Qf4 Qxf4 33. Rxf4 Rb8 34. b3 Nd7 35. Be2 Ne5 36. Nb2 Rbc8 37. c4 Rd6 38. Rd1 Rxd1+ 39. Nxd1 Rd8 40. Kc2 Nc6 41. Kc3 Nd4 42. Bd3 g5 43. hxg6 fxg6 44. Ne3 Kg7 45. e5 Nc6 46. Bxg6 Nxe5 47. Be4 a5 48. Nf5+ 1-0

[Event "Buenos Aires CAA Ciclo-B"]
[Site "Buenos Aires"]
[Date "2012.05.28"]
[Round "8"]
[White "Barreto Filho, Carlos Alberto"]
[Black "Macedo, Maximo Iack Miranda"]
[Result "1/2-1/2"]
[WhiteElo "2346"]
[BlackElo "2379"]
[PlyCount "47"]
[EventDate "2012.05.21"]
[EventType "tourn"]
[EventRounds "9"]
[EventCountry "ARG"]
[SourceTitle "EXT 2024"]
[Source "ChessBase"]
[SourceDate "2023.10.10"]
[SourceVersion "1"]
[SourceVersionDate "2023.10.10"]
[SourceQuality "1"]

1. c4 c6 2. d4 d5 3. Nf3 e6 4. cxd5 exd5 5. Nc3 Bd6 6. Qc2 Ne7 7. g3 Bf5 8. Qb3 Qb6 9. Qxb6 axb6 10. Bf4 Bxf4 11. gxf4 h6 12. Rc1 b5 13. a3 Na6 14. Na2 Be4 15. Bg2 Nf5 16. e3 Nd6 17. Nc3 Bh7 18. Nd2 b4 19. axb4 Nxb4 20. 0-0 0-0 21. Ra1 Nc2 22. Rxa8 Rxa8 23. Rc1 Nb4 24. Bf1 1/2-1/2

[Event "Buenos Aires CAA Ciclo-B"]
[Site "Buenos Aires"]
[Date "2012.05.27"]
[Round "7"]
[White "Barreto Filho, Carlos Alberto"]
[Black "Saldano Dayer, Horacio"]
[Result "0-1"]
[WhiteElo "2346"]
[BlackElo "2444"]
[PlyCount "118"]
[EventDate "2012.05.21"]
[EventType "tourn"]
[EventRounds "9"]
[EventCountry "ARG"]
[SourceTitle "EXT 2024"]
[Source "ChessBase"]
[SourceDate "2023.10.10"]
[SourceVersion "1"]
[SourceVersionDate "2023.10.10"]
[SourceQuality "1"]

1. d4 Nf6 2. c4 g6 3. Nc3 d5 4. Bf4 Bg7 5. e3 0-0 6. Nf3 c5 7. dxc5 Be6 8. Rc1 Nc6 9. Nd4 Nxd4 10. exd4 dxc4 11. Be2 Nd5 12. Nxd5 Bxd5 13. 0-0 b5 14. cxb6 Qxb6 15. Bxc4 Bxc4 16. Rxc4 Qxb2 17. Qa4 Rfd8 18. Be3 e6 19. Rfc1 a6 20. h3 Qb5 21. Qc2 h5 22. Rb1 Qd5 23. Rc7 Bxd4 24. Rd1 e5 25. Bxd4 exd4 26. Rd3 Rd6 27. Qc4 Qxc4 28. Rxc4 Rad8 29. f4 h4 30. Kf2 Kg7 31. Kf3 f5 32. Rb4 Rd5 33. Ra4 R8d6 34. Rc4 a5 35. Rc7+ Rd7 36. Rc4 Kf6 37. Rc6+ R7d6 38. Rc4 g5 39. fxg5+ Kxg5 40. Ra4 Rc6 41. Raxd4 Rxd4 42. Rxd4 Rc3+ 43. Kf2 Rc2+ 44. Kf3 Rxa2 45. Rd8 Ra3+ 46. Kf2 a4 47. Rg8+ Kf4 48. Rh8 Ra2+ 49. Kg1 a3 50. Kh2 Ke3 51. Rxh4 f4 52. Rh8 f3 53. Re8+ Kd3 54. Rd8+ Kc4 55. Rc8+ Kd5 56. Rd8+ Ke6 57. Kg3 fxg2 58. Kh2 Rb2 59. Ra8 a2 0-1

[Event "Buenos Aires CAA Ciclo-B"]
[Site "Buenos Aires"]
[Date "2012.05.25"]
[Round "5"]
[White "Barreto Filho, Carlos Alberto"]
[Black "Perez, Maximiliano"]
[Result "1/2-1/2"]
[WhiteElo "2346"]
[BlackElo "2241"]
[PlyCount "53"]
[EventDate "2012.05.21"]
[EventType "tourn"]
[EventRounds "9"]
[EventCountry "ARG"]
[SourceTitle "EXT 2024"]
[Source "ChessBase"]
[SourceDate "2023.10.10"]
[SourceVersion "1"]
[SourceVersionDate "2023.10.10"]
[SourceQuality "1"]

1. d4 Nf6 2. c4 g6 3. Nc3 Bg7 4. e4 d6 5. Nf3 0-0 6. Be2 e5 7. 0-0 Nc6 8. d5 Ne7 9. Ne1 Nd7 10. Nd3 f5 11. Bd2 Nb6 12. Qb3 fxe4 13. Nxe4 Nf5 14. Bc3 Kh8 15. a4 a5 16. Rfd1 Nd4 17. Bxd4 exd4 18. Bf3 Nd7 19. c5 Ne5 20. Nxe5 Bxe5 21. cxd6 cxd6 22. Rac1 Ra6 23. Qb5 Bf5 24. Ng3 Bc8 25. Ne4 Bf5 26. Ng3 Bc8 27. Ne4 1/2-1/2

[Event "Buenos Aires CAA Ciclo-B"]
[Site "Buenos Aires"]
[Date "2012.05.21"]
[Round "1"]
[White "Barreto Filho, Carlos Alberto"]
[Black "Ambrogi, Agustin Tomas"]
[Result "1-0"]
[WhiteElo "2346"]
[BlackElo "2322"]
[PlyCount "59"]
[EventDate "2012.05.21"]
[EventType "tourn"]
[EventRounds "9"]
[EventCountry "ARG"]
[SourceTitle "EXT 2024"]
[Source "ChessBase"]
[SourceDate "2023.10.10"]
[SourceVersion "1"]
[SourceVersionDate "2023.10.10"]
[SourceQuality "1"]

1. Nf3 d5 2. c4 e6 3. e3 Nf6 4. Nc3 a6 5. d4 dxc4 6. Bxc4 b5 7. Bb3 Bb7 8. 0-0 Be7 9. Qe2 0-0 10. a3 c5 11. dxc5 Bxc5 12. e4 Nbd7 13. Rd1 Ng4 14. Bg5 Qc7 15. Bh4 Bd6 16. Bg3 Bxg3 17. hxg3 Nc5 18. Bc2 Ne5 19. Nxe5 Qxe5 20. f4 Qc7 21. Rd2 Rad8 22. Rad1 e5 23. f5 Rd4 24. Rxd4 exd4 25. Rxd4 Qxg3 26. Qd2 Bc6 27. Rd6 Nd7 28. Ne2 Qg4 29. Rxc6 Ne5 30. Rc3 1-0

[Event "Buenos Aires CAA Ciclo-A"]
[Site "Buenos Aires"]
[Date "2012.05.14"]
[Round "6"]
[White "Barreto Filho, Carlos Alberto"]
[Black "Leon, Juan Carlos"]
[Result "1-0"]
[WhiteElo "2346"]
[BlackElo "2245"]
[PlyCount "58"]
[EventDate "2012.05.07"]
[EventType "tourn"]
[EventRounds "9"]
[EventCountry "ARG"]
[SourceTitle "EXT 2024"]
[Source "ChessBase"]
[SourceDate "2023.10.10"]
[SourceVersion "1"]
[SourceVersionDate "2023.10.10"]
[SourceQuality "1"]

1. d4 d5 2. c4 c6 3. Nc3 Nf6 4. e3 a6 5. Qc2 e6 6. Nf3 Nbd7 7. Bd2 Bd6 8. a3 0-0 9. Bd3 dxc4 10. Bxc4 b5 11. Ba2 c5 12. Ne4 Nxe4 13. Qxe4 Qb6 14. Bb1 Nf6 15. Qh4 h6 16. e4 Be7 17. e5 Nd5 18. Qe4 f5 19. exf6 Bxf6 20. Ne5 Bxe5 21. Qh7+ Kf7 22. Bg6+ Kf6 23. dxe5+ Kxe5 24. Qxg7+ Rf6 25. Bxh6 Kd6 26. Bg5 Ra7 27. Qh6 Rff7 28. 0-0 Bd7 29. Rad1 Kc7 1-0

[Event "Buenos Aires CAA Ciclo-A"]
[Site "Buenos Aires"]
[Date "2012.05.10"]
[Round "4"]
[White "Barreto Filho, Carlos Alberto"]
[Black "Shcherbine, Andrei"]
[Result "1-0"]
[WhiteElo "2346"]
[BlackElo "2188"]
[PlyCount "65"]
[EventDate "2012.05.07"]
[EventType "tourn"]
[EventRounds "9"]
[EventCountry "ARG"]
[SourceTitle "EXT 2024"]
[Source "ChessBase"]
[SourceDate "2023.10.10"]
[SourceVersion "1"]
[SourceVersionDate "2023.10.10"]
[SourceQuality "1"]

1. d4 d5 2. c4 dxc4 3. Nf3 Nf6 4. e3 e6 5. Bxc4 a6 6. 0-0 Be7 7. Qe2 b5 8. Bd3 Nc6 9. Nc3 Nb4 10. Bb1 Bb7 11. Rd1 Bxf3 12. Qxf3 Nbd5 13. Ne2 h6 14. e4 Nb6 15. e5 Nh7 16. Qg3 Kf8 17. f4 Nd5 18. f5 exf5 19. Bxf5 Bg5 20. Kh1 g6 21. Be4 Kg7 22. Rf1 c6 23. Nc3 f5 24. exf6+ Nhxf6 25. Bxg5 hxg5 26. Bxd5 cxd5 27. Rae1 b4 28. Na4 Ne4 29. Qe5+ Kh6 30. Rf7 Qe8 31. Qg7+ Kh5 32. Ref1 Qxa4 33. Qh7+ 1-0